000 01123nam a2200253Ia 4500
999 _c55035
_d55035
001 22110
003 GE_BSU
005 20221027112035.0
008 181216s ||||ge |||||||||||||| ||geo||
020 _a9789941132568
040 _cGE_BSU
041 _ageo
080 _a338.48(075.8) მ-30
100 _aმარგველაშვილი, მაია
_912291
245 _aტურიზმის ეკონომიკა :
_bსახელმძღვანელო /
_cმაია მარგველაშვილი ; რედ. მალხაზ ჩიქობავა.
264 _aთბილისი :
_bთსუ-ს გამ-ბა,
_c2012.
300 _a337 გვ. ;
_c23 სმ.
500 _aთავფურცელზე ავტორი მითითებული არა არის
541 _h28ლ.70თ.
653 _aტურიზმის ეკონომიკა
653 _aტურიზმის ეკონომიკა
700 _aჩიქობავა, მალხაზ
_eრედაქტორი
_915573
942 _cBK
_2udc